El caballero de la armadura oxidada /

Guardado en:
Autor Principal: Fisher, Robert
Otros Autores: Díaz, María, il.
Formato: Libro
Publicado: España : Obelisco, 2001
Edición:12a. ed.
Series:Colec. Nueva Consciencia
Materias:
Etiquetas: Agregar Etiqueta
Sin Etiquetas, Sea el primero en etiquetar este registro!
LEADER 00716nam a22002415a 4500
001 CEM.cems012045
005 20080529142337.0
008 130507s2001##################000#0#####d
003 CEMS
082 0 4 |a 813.5 
100 1 |a Fisher, Robert 
245 1 0 |a El caballero de la armadura oxidada /  |c Robert Fisher 
250 |a 12a. ed. 
260 |a España :  |b Obelisco,  |c 2001 
300 |a 109 p. 
490 0 |a Colec. Nueva Consciencia 
500 |a Nueva edición ilustrada con cuadernillo de actividades.- 
653 |a Literatura 
653 |a Literatura eeuu siglo 20 
653 |a Novelas juveniles 
653 |a Novelas 
700 1 |a Díaz, María, il. 
859 |a CEMS  |b BIB. CEMS - 11 de abril  |h 813.5  |i F539  |p 23242.05  |t Ej.1